Olympique de Marseille Players - Sudden Death - Statistics

General Stats
  • This quiz has been taken 374 times
  • The average score is 13 of 20
Answers on the Grid
Answers color-coded by a green-red scale on the quiz's grid according to % correct below.
Pierre-Emerick Aubameyang
Florian Thauvin
Valentin Rongier
Alexis Sánchez
Éric Cantona
Didier Deschamps
Leonardo Balerdi
Darío Benedetto
Franck Ribéry
Rudi Völler
Valère Germain
Jairzinho
Jean-Pierre Papin
Amine Harit
Jonathan Clauss
Fernando Morientes
Mario Balotelli
Steve Mandanda
Éric Di Meco
Dimitri Payet
Zinédine Zidane
Nicolas Anelka
Mamadou Sakho
Samuel Eto'o
Jonathan Bamba
Riyad Mahrez
Djibril Sidibé
Alexandre Lacazette
Igor Tudor
Sadio Mané
Martin Terrier
Lucas Paquetá
 
Answer Stats
Answer % Correct
Pierre-Emerick Aubameyang
79%
Dimitri Payet
78%
Florian Thauvin
75%
Steve Mandanda
75%
Didier Deschamps
74%
Alexis Sánchez
73%
Mario Balotelli
73%
Jean-Pierre Papin
72%
Valentin Rongier
72%
Amine Harit
71%
Jonathan Clauss
71%
Leonardo Balerdi
71%
Franck Ribéry
69%
Valère Germain
69%
Darío Benedetto
68%
Éric Di Meco
61%
Rudi Völler
60%
Éric Cantona
53%
Jairzinho
41%
Fernando Morientes
39%
No matching quizzes found
Score Distribution
Percent of People with Each Score
Percentile by Number Answered
Your Score History
You have not taken this quiz